000 01605cam a22002295a 4500
001 L158043
008 130613s2014 xxk f 000 0 eng d
020 _a9781848063594
035 _a(Sirsi) u158043
041 0 _aeng
100 1 _aLewry, Andy
245 0 0 _aUnderstanding the choices for building controls
260 _aWatford
_bBRE
_c2014
300 _a16p.
_bill.
_c30cm.
490 0 _aBRE Information Paper
_v(1/14)
520 _aThe control of energy in smaller buildings is generally poor, despite the availability of a range of tried and tested systems incorporating both mature and innovative technologies. The installation of heating, ventilation and air conditioning (HVAC) zone controls, optimising controllers for wet heating systems, and lighting controls are encouraged by the government. Financial support through the enhanced capital allowances (ECA) scheme and good practice guidance from the Carbon Trust is provided. Despite this, specifications are often limited to the minimum requirements; innovative technologies, such as pre-programmed packaged building energy management systems (BEMS) and demand control ventilation (DCV), are rarely applied. This Information Paper addresses the barriers to applying energy efficient control systems by providing simple explanations of innovative technology, what it can do, where and why it can and should be used - the pros and cons, and how to get to an effective solution in practice.
521 _aAdvanced
650 2 4 _aBUILDING CONTROLS,HVAC
651 4 _aENGLAND AND WALES
690 _aBUILDING CONTROL
_96222
942 _n0
999 _c115098
_d115098